LEADER 00961nam a2200229 a 4500 001 000000114622 003 CaOOAMICUS 005 20090217112155.0 008 090217s2008 it m 001 0 ita d 040 $aPUG$bita$dfcg$dPUL$dLDA 100 1 $aMorandi, Giacomo.$0(OLS)http://pul/name/70773 245 13$aLa bellezza luogo teologico dell'evangelizzazione /$cGiacomo Morandi. 260 $aRoma :$b[s.n.],$c2008. 300 $a90 p. ;$c24 cm 500 $aIn testa al front: Pontificia Università Gregoriana. Facoltà di Missiologia. 502 $aExcerpta ex Diss.(Doct.)--Pontificia Università Gregoriana, 2008. 504 $aBibliografia: p. 73-83 850 $aPUL 852 $aPUL$W1$xDP1 Tesi Pon. Univ. Gregoriana$y40$m2008 B 3$j128369$qTesi$B130056$CPULBib$Z2$F130056 $82 941 1 $a16 996 $6245$aLa bellezza luogo teologico dell'evangelizzazione$9(OLS)http://pul/title/144037 996 $6260$aRoma :$b[s.n.]$9(OLS)http://pul/publisher/47958 LEADER 01144nam a2200277 a 4500 001 000000167640 003 CaOOAMICUS 005 20180524132830.0 008 180514s1966 it u000 u ita u 032 $aLibriCat 040 $aPUL$bita 130 0 $aBiblia.$lItaliano.$0(OLS)http://pul/title/5361 245 00$aLettera agli Ebrei /$ctradotta e commentata da Otto Kuss ; edizione italiana a cura di Giovanni Rinaldi. 260 $aBrescia :$bMorcelliana,$c1966. 300 $a255 p. ;$c23 cm. 490 1 $aIl Nuovo Testamento commentato 630 04$aBiblia.$pN.T.$pAd Hebraeos.$0(OLS)http://pul/subject/8459 700 1 $aKuss, Otto.$0(OLS)http://pul/name/25246 700 1 $aRinaldi, Giovanni.$0(OLS)http://pul/name/12979 830 3$aIl Nuovo Testamento commentato.$0(OLS)http://pul/title/43471 850 $aPUL 852 $aPUL$W1$xDP1 Fondo Dalla Palma$y117$m3 D 75$j166487$qFondi$B195284$CPULBib$Z2$F195284 $HDal2294 $81 941 1 $a1 996 $6245$aLettera agli Ebrei$9(OLS)http://pul/title/80973 996 $6260$aBrescia :$bMorcelliana$9(OLS)http://pul/publisher/47854